|
|
|
|
| LEADER |
01204nam a2200265 a 4500 |
| 008 |
100510s2007enka b 001 0 eng d |
| 020 |
|
|
|a 9780195685329 (v. 1 : pbk.)
|
| 020 |
|
|
|a 0195685326 (v. 1 : pbk.)
|
| 040 |
|
|
|a DLC
|c DLC
|d DLC
|d BD-DhAAL
|
| 082 |
0 |
0 |
|a 572.8/6
|2 21
|
| 245 |
0 |
0 |
|a Essential molecular biology :
|b a practical approach /
|c edited by T.A. Brown.
|
| 250 |
|
|
|a 2nd ed.
|
| 260 |
|
|
|a Oxford ;
|a New York ;
|a New Delhi :
|b Oxford University Press,
|c 2007.
|
| 300 |
|
|
|a xx, 240 p. :
|b ill. ;
|c 24 cm.
|
| 362 |
0 |
|
|a Vol. 1
|
| 490 |
0 |
|
|a The Practical approach series
|
| 504 |
|
|
|a Includes bibliographical references and indexes.
|
| 541 |
1 |
|
|e 00016299
|
| 650 |
|
0 |
|a Molecular cloning.
|
| 650 |
|
0 |
|a Recombinant DNA.
|
| 700 |
1 |
|
|a Brown, T. A.
|q (Terence A.)
|
| 852 |
4 |
|
|a Ayesha Abed Library
|j General Shelf
|
| 999 |
|
|
|c 8493
|d 8493
|
| 952 |
|
|
|0 0
|1 0
|2 ddc
|4 0
|6 572_860000000000000_ESS_2007
|7 0
|9 10017
|a BRACUL
|b BRACUL
|c GEN
|d 2010-05-11
|e Karim International
|g 1040.00
|l 12
|m 95
|o 572.86 ESS
|p 3010016299
|r 2024-06-02
|s 2023-09-10
|t 1
|w 2010-05-11
|y BK
|
| 952 |
|
|
|0 0
|1 4
|2 ddc
|4 0
|6 572_860000000000000_ESS
|7 0
|9 17802
|a BRACUL
|b BRACUL
|c GEN
|d 2011-08-09
|l 0
|o 572.86 ESS
|p 3010016300
|r 2011-08-09
|t 2
|w 2011-08-09
|y BK
|x Koha Inventory 2020
|